How to master the video games

में बचाया:
ग्रंथसूची विवरण
मुख्य लेखक: Hirschfeld, Tom
स्वरूप: पुस्तक
भाषा:Undetermined
प्रकाशित: New York Bantam Books 1981
विषय:
टैग : टैग जोड़ें
कोई टैग नहीं, इस रिकॉर्ड को टैग करने वाले पहले व्यक्ति बनें!
Thư viện lưu trữ: Trung tâm Học liệu Trường Đại học Cần Thơ
LEADER 00470nam a2200181Ia 4500
001 CTU_84040
008 210402s9999 xx 000 0 und d
082 |a 794.8 
082 |b H668 
100 |a Hirschfeld, Tom 
245 0 |a How to master the video games 
245 0 |c Tom Hirschfeld 
260 |a New York 
260 |b Bantam Books 
260 |c 1981 
650 |a Video games 
904 |i Qhieu(sửa) 
980 |a Trung tâm Học liệu Trường Đại học Cần Thơ